[Event "IECG CP.2002.P.00016 email"]
[Site "IECG email"]
[Date "2002.10.01"]
[Round "?"]
[White "Taylor, Robin"]
[Black "Boettcher, Fred"]
[Result "0-1"]
[WhiteElo "2000"]
[BlackElo "1666"]
[PlyCount "36"]
[EventDate "2002.10.01"]
[EventType "tourn (corr)"]
[EventRounds "6"]
[EventCountry "GER"]
[SourceTitle "Corr 2008"]
[Source "ChessBase"]
[SourceDate "2008.06.24"]
[SourceVersion "1"]
[SourceVersionDate "2008.06.24"]
[SourceQuality "1"]

1. e4 c5 2. c3 Nf6 3. e5 Nd5 4. d4 cxd4 5. cxd4 Nc6 6. Nf3 d6 7. exd6 Qxd6 8. Nc3 Bg4 9. Be2 e6 10. 0-0 Be7 11. h3 Bh5 12. Be3 0-0 13. Rc1 Bg6 14. Bd3 Bh5 15. Be2 Rac8 16. Qb3 Nf4 17. Qxb7 Nxe2+ 18. Nxe2 Bxf3 0-1